[Event "Campeonato de Aragon por Equipos 2025 - "]
[Site "?"]
[Date "2025.03.01"]
[Round "6.38"]
[White "Crespo Laborda, Alberto"]
[Black "Montoro Mavilla, Sergio"]
[Result "1-0"]
[WhiteElo "1845"]
[BlackElo "1944"]
[PlyCount "59"]
[GameId "2152100657995991"]
[EventDate "2025.01.25"]
[WhiteTeam "Palacio De Pioneros B"]
[BlackTeam "Jaque - Aramovil B"]

1. d4 d5 2. Nf3 Nf6 3. e3 g6 4. c4 Bg7 5. b3 O-O 6. Bb2 b6 7. g3 Nbd7 8. Bg2 Bb7 9. O-O Rc8 10. Nbd2 c5 11. Rc1 Re8 12. Ne5 Nf8 13. f4 Rc7 14. cxd5 Nxd5 15. Bxd5 Bxd5 16. e4 Bb7 17. d5 e6 18. dxe6 Nxe6 19. Ndc4 Qa8 20. f5 Ng5 21. f6 Bh6 22. h4 Nxe4 23. h5 Nxg3 24. hxg6 hxg6 25. Qg4 Nxf1 26. Rxf1 Kh7 27. Qh4 g5 28. Qh5 Rg8 29. Rf2 Be4 30. Qxh6+ 1-0

[Event "Campeonato de Aragon por Equipos 2025 - "]
[Site "?"]
[Date "2025.03.01"]
[Round "6.39"]
[White "Carrasquer Alonso, Luis"]
[Black "Insa Castillo, Jose Manuel"]
[Result "1-0"]
[WhiteElo "1883"]
[BlackElo "1764"]
[PlyCount "89"]
[GameId "2152100658036952"]
[EventDate "2025.01.25"]
[WhiteTeam "Jaque - Aramovil B"]
[BlackTeam "Palacio De Pioneros B"]

1. d4 f5 2. g3 Nf6 3. Bg2 e6 4. c4 Bb4+ 5. Bd2 Be7 6. Bc3 Ne4 7. Bxe4 fxe4 8. d5 O-O 9. Qd4 Bf6 10. Qxe4 exd5 11. Qxd5+ Kh8 12. Nf3 Nc6 13. O-O d6 14. a3 Qe7 15. Qd3 Bh3 16. Re1 Rae8 17. Nbd2 Qf7 18. Bxf6 Qxf6 19. Qc3 Qg6 20. Nf1 Qf7 21. Ne3 Ne5 22. Ng2 Nxc4 23. Nf4 Bg4 24. Rac1 Ne5 25. Kg2 c6 26. h3 Bc8 27. Qd4 Qd7 28. Ng1 Rf6 29. Nd3 c5 30. Nxe5 Rxe5 31. Qd2 b6 32. Rc3 Rh5 33. g4 Re5 34. Re3 Qf7 35. Rxe5 Rxf2+ 36. Kg3 dxe5 37. Nf3 Rxf3+ 38. exf3 Qc7 39. Rd1 Be6 40. Qd8+ Qxd8 41. Rxd8+ Bg8 42. Re8 h6 43. Rxe5 a5 44. f4 a4 45. Re8 1-0

[Event "Campeonato de Aragon por Equipos 2025 - "]
[Site "?"]
[Date "2025.03.01"]
[Round "6.40"]
[White "Uceda Mazon, Alejandro"]
[Black "Zazuliak, Kostiantyn"]
[Result "1/2-1/2"]
[WhiteElo "1692"]
[BlackElo "1868"]
[PlyCount "188"]
[GameId "2152100658192601"]
[EventDate "2025.01.25"]
[WhiteTeam "Palacio De Pioneros B"]
[BlackTeam "Jaque - Aramovil B"]

1. d4 d6 2. c4 e5 3. dxe5 dxe5 4. Qxd8+ Kxd8 5. Nf3 f6 6. Nc3 c6 7. a3 Be6 8. e4 Kc7 9. Be3 Nd7 10. Be2 Nh6 11. b4 Nf7 12. O-O Nd6 13. Nd2 g6 14. c5 Nf7 15. Bc4 Bxc4 16. Nxc4 Be7 17. Rad1 Rad8 18. Rd2 Nf8 19. Rfd1 Rxd2 20. Rxd2 Ne6 21. f3 Rd8 22. Rxd8 Kxd8 23. Ne2 Kd7 24. Bf2 h5 25. Bg3 Nc7 26. Nc3 Ke6 27. Kf2 Bf8 28. Ke2 Kd7 29. Kd3 Ne6 30. Ne2 Bh6 31. Bf2 g5 32. Be3 Nf8 33. Ng3 h4 34. Nf5 Nh7 35. Ncd6 Nxd6 36. Nxd6 Kc7 37. Kc4 Bf8 38. Nf5 Kd7 39. b5 cxb5+ 40. Kxb5 Kc7 41. a4 a6+ 42. Kc4 Kc6 43. a5 Kd7 44. Kd5 Kc7 45. Bd2 Kd7 46. h3 Kc7 47. Be3 Kd7 48. Bf2 Kc7 49. Be1 Kd7 50. Bd2 Kc7 51. Bc3 Kd7 52. Bb4 Kc7 53. Ba3 Kd7 54. Bb2 Kc7 55. Bc1 Kd7 56. Bd2 Kc7 57. Be1 Kd7 58. g3 hxg3 59. Bxg3 Kc7 60. Bf2 Kd7 61. Be3 Kc7 62. Bd2 Kd7 63. Bb4 Kc7 64. Ba3 Kd7 65. Bb4 Kc7 66. Ba3 Kd7 67. Bb2 Kc7 68. Ba1 Kd7 69. Bb2 Kc7 70. Bc1 Kd7 71. Bd2 Kc7 72. Bc1 Kd7 73. Bd2 Kc7 74. Be1 Kd7 75. Bf2 Kc7 76. Bg3 Kd7 77. h4 gxh4 78. Bxh4 Kc7 79. Nd6 Bxd6 80. cxd6+ Kd7 81. Kc5 Kc8 82. Kd5 Kd7 83. Kc5 Kc8 84. Kb6 Nf8 85. Ka7 Nd7 86. Ka8 b5 87. axb6 Nxb6+ 88. Ka7 Nc4 89. Kxa6 Nxd6 90. Bxf6 Nc4 91. Kb5 Nd2 92. Bxe5 Nxf3 93. Bf6 Kd7 94. Kc5 Nd2 1/2-1/2

[Event "Campeonato de Aragon por Equipos 2025 - "]
[Site "?"]
[Date "2025.03.01"]
[Round "6.41"]
[White "Luis Vitalla, Fernando"]
[Black "Sanchez Castro, Roberto"]
[Result "1/2-1/2"]
[WhiteElo "2066"]
[BlackElo "1939"]
[PlyCount "110"]
[GameId "2152100658249946"]
[EventDate "2025.01.25"]
[WhiteTeam "Atletismo Huesca"]
[BlackTeam "Iberajedrez Mundo 64 B"]

1. d4 d5 2. c4 e6 3. Nc3 h6 4. Nf3 Nf6 5. g3 Bd6 6. Bg2 a6 7. O-O Nc6 8. b3 O-O 9. Bf4 Bxf4 10. gxf4 Ne4 11. Nxe4 dxe4 12. Ne5 Nxd4 13. Bxe4 f6 14. Ng6 Re8 15. e3 Nf5 16. Qh5 Nd6 17. Rad1 Bd7 18. Bg2 Rb8 19. Rd2 Qc8 20. c5 Nf7 21. Rfd1 Bb5 22. a4 Bc6 23. Bxc6 bxc6 24. Rd7 Qb7 25. Ne7+ Kf8 26. Nxc6 Nh8 27. Nxb8 Qxb8 28. R1d3 c6 29. Qf3 Qc8 30. Qg4 Nf7 31. Qg6 Re7 32. Rxe7 Kxe7 33. Qxg7 Qb7 34. Qg8 a5 35. Qg2 Qa6 36. Qf1 Qc8 37. Qd1 e5 38. Qf3 Qa8 39. Qe4 Qg8+ 40. Kf1 Qc8 41. f5 Ng5 42. Qg4 Qa6 43. Qe2 Qc8 44. e4 Qb7 45. h4 Nf7 46. Qd2 Qa7 47. Qc3 h5 48. Qc4 Kf8 49. b4 axb4 50. Qxb4 Qa6 51. Ke2 Kg7 52. Kd2 Kh6 53. Rd7 Qf1 54. Rxf7 Qd3+ 55. Ke1 Qe2+ 1/2-1/2

[Event "Campeonato de Aragon por Equipos 2025 - "]
[Site "?"]
[Date "2025.03.01"]
[Round "6.42"]
[White "Moreno Burillo, Marcos Antonio"]
[Black "Salamero Pelay, Fernando"]
[Result "0-1"]
[WhiteElo "1906"]
[BlackElo "2052"]
[PlyCount "98"]
[GameId "2152100658286811"]
[EventDate "2025.01.25"]
[WhiteTeam "Iberajedrez Mundo 64 B"]
[BlackTeam "Atletismo Huesca"]

1. d4 g6 2. c4 Bg7 3. Nc3 c5 4. d5 Bxc3+ 5. bxc3 f5 6. g3 Nf6 7. Bg2 Qa5 8. Qb3 d6 9. Nh3 Nbd7 10. O-O Nb6 11. f3 Bd7 12. Nf4 Qa6 13. e4 Qxc4 14. exf5 Bxf5 15. g4 Bd7 16. Qxc4 Nxc4 17. g5 Nh5 18. Nxh5 gxh5 19. f4 O-O-O 20. Re1 Rde8 21. Bf3 Bg4 22. Bxg4+ hxg4 23. Re4 Nb6 24. c4 Kd7 25. Bb2 Rhf8 26. Rae1 Na4 27. Bg7 Rf7 28. Ba1 b5 29. cxb5 Nb6 30. Rd1 Rf5 31. Kg2 Nxd5 32. Kg3 Ref8 33. Ra4 Kc7 34. Rxa7+ Kb6 35. Ra4 Nxf4 36. Kxg4 Nd5 37. Re4 Kxb5 38. h4 Kc6 39. Rd3 Rf1 40. Bb2 Rg8 41. Rg3 Rf2 42. Rb3 e5 43. Ra4 Nf4 44. Ra6+ Kd5 45. Bc1 h5+ 46. Kg3 Rg2+ 47. Kf3 e4+ 48. Ke3 Ke5 49. Bb2+ Kf5 0-1

[Event "Campeonato de Aragon por Equipos 2025 - "]
[Site "?"]
[Date "2025.03.01"]
[Round "6.43"]
[White "Molina Cubero-Luna, German"]
[Black "Barranco Castillo, Jose Antonio"]
[Result "1-0"]
[WhiteElo "1915"]
[BlackElo "1828"]
[PlyCount "73"]
[GameId "2152100658319580"]
[EventDate "2025.01.25"]
[WhiteTeam "Atletismo Huesca"]
[BlackTeam "Iberajedrez Mundo 64 B"]

1. d4 e6 2. Nf3 Nf6 3. e3 b6 4. Bd3 c5 5. O-O Ba6 6. c4 Be7 7. Nc3 O-O 8. b3 d5 9. Ne5 Nfd7 10. f4 dxc4 11. bxc4 Nxe5 12. dxe5 f5 13. exf6 Bxf6 14. Bb2 Nc6 15. Qe2 Qe8 16. Be4 Rd8 17. Rfd1 Na5 18. Bd3 Qf7 19. Rab1 Bb7 20. Rd2 g6 21. Nb5 Bxb2 22. Rbxb2 Bc6 23. Nc3 Rd7 24. Be4 Rfd8 25. Bxc6 Nxc6 26. Ne4 Qf5 27. Ng5 e5 28. Rxd7 Qxd7 29. g3 h6 30. Ne4 Qd3 31. Nf6+ Kf7 32. Nd5 Qe4 33. Rd2 Na5 34. fxe5 Nxc4 35. Qf1+ Kg7 36. Qf6+ Kg8 37. Qxd8+ 1-0

[Event "Campeonato de Aragon por Equipos 2025 - "]
[Site "?"]
[Date "2025.03.01"]
[Round "6.44"]
[White "Rene Villalba, Mireia"]
[Black "Laplaza Ara, Carlos"]
[Result "1-0"]
[WhiteElo "1819"]
[BlackElo "1912"]
[PlyCount "83"]
[GameId "2152100658417885"]
[EventDate "2025.01.25"]
[WhiteTeam "Iberajedrez Mundo 64 B"]
[BlackTeam "Atletismo Huesca"]

1. d4 d5 2. c4 e6 3. Nc3 Nf6 4. cxd5 exd5 5. Bg5 Be7 6. Qc2 O-O 7. e3 Nbd7 8. Bd3 Re8 9. Nge2 c6 10. O-O Nf8 11. f3 g6 12. Rae1 Ne6 13. Bh4 Ng7 14. h3 Nfh5 15. Bxe7 Qxe7 16. e4 dxe4 17. fxe4 Qg5 18. Rf3 Be6 19. Ref1 f5 20. Kh2 Rf8 21. exf5 gxf5 22. g4 Nf6 23. gxf5 Bf7 24. Rg1 Qh6 25. Nf4 Kh8 26. Qc1 Qh4 27. Rfg3 Ngh5 28. Nxh5 Nxh5 29. Rg4 Qf6 30. Qd2 Rg8 31. Ne4 Qxd4 32. Ng5 Qd6+ 33. Kg2 Rxg5 34. Rxg5 Nf4+ 35. Kf1 Qxd3+ 36. Qxd3 Nxd3 37. b3 Rg8 38. Rxg8+ Bxg8 39. f6 Bd5 40. Rg7 b5 41. Rxa7 b4 42. Ra8+ 1-0

[Event "Campeonato de Aragon por Equipos 2025 - "]
[Site "?"]
[Date "2025.03.01"]
[Round "6.45"]
[White "Arrieta Restrepo, Steven"]
[Black "Gaspar Calvo, Luis Alberto"]
[Result "1-0"]
[WhiteElo "2095"]
[BlackElo "1901"]
[PlyCount "63"]
[GameId "2152100658450654"]
[EventDate "2025.01.25"]
[WhiteTeam "Monzon"]
[BlackTeam "Marcos Frechin C"]

1. d4 Nf6 2. Nf3 g6 3. Nc3 d5 4. Bf4 c6 5. e3 Bg7 6. h3 O-O 7. Bd3 b5 8. O-O b4 9. Na4 Qa5 10. Nc5 Nfd7 11. Nb3 Qb6 12. a3 c5 13. dxc5 Nxc5 14. Nxc5 Qxc5 15. Be5 Nc6 16. Bxg7 Kxg7 17. axb4 Qxb4 18. b3 e5 19. Ra4 Qb6 20. Be2 Rd8 21. Qa1 f6 22. Qa3 a5 23. Ra1 Be6 24. Qb2 Rdb8 25. g4 h6 26. h4 d4 27. exd4 Bxg4 28. dxe5 Nxe5 29. Nxe5 Bxe2 30. Nd7 Qe6 31. Nxb8 Qh3 32. Rf4 1-0

[Event "Campeonato de Aragon por Equipos 2025 - "]
[Site "?"]
[Date "2025.03.01"]
[Round "6.46"]
[White "Torres Ferrandez, Mario"]
[Black "Hidalgo Gracia, Andres"]
[Result "0-1"]
[WhiteElo "1889"]
[BlackElo "2036"]
[PlyCount "69"]
[GameId "2152100658487519"]
[EventDate "2025.01.25"]
[WhiteTeam "Marcos Frechin C"]
[BlackTeam "Monzon"]

1. d4 d5 2. Nf3 Nf6 3. e3 c6 4. Bd3 Bg4 5. h3 Bh5 6. Nbd2 e6 7. O-O Be7 8. c3 Bg6 9. Qc2 Nbd7 10. e4 Nxe4 11. Nxe4 dxe4 12. Bxe4 Bxe4 13. Qxe4 Nf6 14. Qe2 Qc7 15. b3 O-O 16. c4 Rfd8 17. Bb2 a5 18. Qc2 Ne8 19. Rad1 Bf6 20. Rd3 Rd7 21. Rfd1 Rad8 22. Ne5 Bxe5 23. dxe5 c5 24. R1d2 h6 25. Qd1 Rxd3 26. Rxd3 Rxd3 27. Qxd3 Kf8 28. f4 Ke7 29. Kf2 Qd7 30. Ke3 Qxd3+ 31. Kxd3 b6 32. Bc3 Nc7 33. a4 Na6 34. g4 Nb8 35. Ke3 0-1

[Event "Campeonato de Aragon por Equipos 2025 - "]
[Site "?"]
[Date "2025.03.01"]
[Round "6.47"]
[White "Barranco Mananet, Fernando"]
[Black "Celorrio De Pablo, Ricardo"]
[Result "1-0"]
[WhiteElo "1949"]
[BlackElo "1814"]
[PlyCount "45"]
[GameId "2152100658524384"]
[EventDate "2025.01.25"]
[WhiteTeam "Monzon"]
[BlackTeam "Marcos Frechin C"]

1. e4 d6 2. d4 Nf6 3. Nc3 c6 4. a4 Qa5 5. Bd2 e5 6. d5 Qb6 7. Bc4 Be7 8. h3 O-O 9. Nf3 Na6 10. O-O Nb4 11. Be3 Qc7 12. Bb3 cxd5 13. Nb5 Qa5 14. c3 dxe4 15. cxb4 Qxb4 16. Bd2 Qc5 17. Rc1 Qb6 18. Be3 Qd8 19. Ng5 d5 20. Nc7 Rb8 21. Bxa7 Nd7 22. Nxf7 Rxf7 23. Bxd5 1-0

[Event "Campeonato de Aragon por Equipos 2025 - "]
[Site "?"]
[Date "2025.03.01"]
[Round "6.48"]
[White "Gonzalo Lera, Jara"]
[Black "Sanroman Perez, Luis"]
[Result "1/2-1/2"]
[WhiteElo "1666"]
[BlackElo "1737"]
[PlyCount "134"]
[GameId "2152100658557153"]
[EventDate "2025.01.25"]
[WhiteTeam "Marcos Frechin C"]
[BlackTeam "Monzon"]

1. d4 d5 2. Bf4 c6 3. e3 Nf6 4. Nf3 Bf5 5. h3 e6 6. Bd3 Bd6 7. Ne5 O-O 8. g4 Bxd3 9. cxd3 Qc7 10. Nd2 Nfd7 11. Nxd7 Nxd7 12. Qf3 Bxf4 13. Qxf4 Qa5 14. Ke2 Qb5 15. b4 a5 16. a4 Qb6 17. Qd6 Rfd8 18. Rhb1 axb4 19. Rxb4 Qa6 20. Rab1 Nf8 21. Qc7 Rd7 22. Qb6 Qxb6 23. Rxb6 Rxa4 24. Rxb7 Rxb7 25. Rxb7 Ra1 26. Rc7 Rc1 27. Nb3 Rh1 28. Kf3 Rxh3+ 29. Kg2 Rh4 30. f3 g5 31. Rxc6 h5 32. gxh5 Rxh5 33. Rc8 Kg7 34. Nc5 Rh6 35. Rc7 Kg8 36. Nb7 Rf6 37. Nd6 Ng6 38. Rc8+ Kh7 39. Rc7 Nh4+ 40. Kh1 Kg6 41. f4 gxf4 42. Ne8 fxe3 43. Nxf6 e2 44. Rc1 Nf3 45. Ng4 f6 46. Nf2 e1=Q+ 47. Rxe1 Nxe1 48. Kg1 Nf3+ 49. Kg2 Nxd4 50. Kg3 Kf5 51. Ng4 e5 52. Ne3+ Ke6 53. Nd1 f5 54. Nf2 Ne2+ 55. Kf3 Nc1 56. Ke3 f4+ 57. Kd2 Nb3+ 58. Kc3 Nc5 59. Kc2 e4 60. d4 Nd3 61. Nd1 Ne1+ 62. Kd2 Nf3+ 63. Kc3 e3 64. Kd3 Nxd4 65. Nc3 e2 66. Kd2 f3 67. Ke1 Nc2+ 1/2-1/2

[Event "Campeonato de Aragon por Equipos 2025 - "]
[Site "?"]
[Date "2025.03.01"]
[Round "6.49"]
[White "Ramon Perez, Jose Luis"]
[Black "Galve Guinea, Alejandro"]
[Result "1-0"]
[WhiteElo "2120"]
[BlackElo "1949"]
[PlyCount "75"]
[GameId "2152100658610402"]
[EventDate "2025.01.25"]
[WhiteTeam "Fraga"]
[BlackTeam "El Olivar C"]

1. e4 e6 2. d4 d5 3. e5 c5 4. c3 Nc6 5. Nf3 Qb6 6. Bd3 cxd4 7. O-O Bd7 8. Re1 Rc8 9. Nbd2 Nge7 10. h4 dxc3 11. bxc3 Na5 12. Rb1 Qc5 13. Ng5 Ng8 14. Ndf3 h6 15. Nh3 b6 16. Nd4 Ne7 17. Nf4 Nec6 18. Nb5 Nc4 19. Bxc4 Qxc4 20. Qg4 Na5 21. Nd6+ Bxd6 22. Qxg7 Rf8 23. exd6 Qxc3 24. Qxc3 Rxc3 25. Nxd5 Rc5 26. Nf6+ Kd8 27. Bxh6 Rh8 28. Bg5 Kc8 29. Rbc1 Nb7 30. Rxc5+ bxc5 31. Rb1 Bc6 32. d7+ Kc7 33. Bf4+ Kd8 34. h5 Ke7 35. Bg5 Kd6 36. h6 Ke5 37. Rxb7 Bxb7 38. Ne8 1-0

[Event "Campeonato de Aragon por Equipos 2025 - "]
[Site "?"]
[Date "2025.03.01"]
[Round "6.50"]
[White "Labrador Postigo, Francisco M."]
[Black "Aribau Rivas, Miguel Angel"]
[Result "0-1"]
[WhiteElo "1868"]
[BlackElo "1987"]
[PlyCount "90"]
[GameId "2152100658647267"]
[EventDate "2025.01.25"]
[WhiteTeam "El Olivar C"]
[BlackTeam "Fraga"]

1. d4 Nf6 2. Bf4 d5 3. e3 c5 4. c3 Nc6 5. Bd3 Qb6 6. Qb3 c4 7. Qxb6 axb6 8. Bc2 e6 9. Nd2 b5 10. Ngf3 b4 11. O-O Be7 12. h3 O-O 13. Ne5 Nxe5 14. Bxe5 Nd7 15. Bc7 b5 16. cxb4 Bxb4 17. Nf3 Ra7 18. Bh2 Bb7 19. a3 Be7 20. g4 Rfa8 21. Rab1 b4 22. axb4 Ra2 23. Rfc1 Bxb4 24. Kg2 f6 25. h4 Bc6 26. Bf4 Nb6 27. g5 Ba4 28. Bxa4 Nxa4 29. gxf6 gxf6 30. Kh3 Kf7 31. Rg1 Rxb2 32. Rxb2 Nxb2 33. Bh6 Rg8 34. Ra1 Nd3 35. Ra2 Kg6 36. Bf4 Nxf4+ 37. exf4 Kf5 38. Re2 Kxf4 39. Nh2 e5 40. dxe5 fxe5 41. Nf1 Bc5 42. Nd2 Rb8 43. Nf1 c3 44. Rc2 Bd4 45. Ng3 Rb2 0-1

[Event "Campeonato de Aragon por Equipos 2025 - "]
[Site "?"]
[Date "2025.03.01"]
[Round "6.51"]
[White "Casas Chine, German"]
[Black "Sarto Ramos, Angel"]
[Result "1/2-1/2"]
[WhiteElo "1904"]
[BlackElo "1866"]
[PlyCount "119"]
[GameId "2152100658684132"]
[EventDate "2025.01.25"]
[WhiteTeam "Fraga"]
[BlackTeam "El Olivar C"]

1. e4 c6 2. d4 d5 3. exd5 cxd5 4. c4 Nf6 5. Nc3 Nc6 6. h3 e6 7. Nf3 Bb4 8. a3 Bxc3+ 9. bxc3 O-O 10. Bd3 Qa5 11. Bd2 dxc4 12. Bxc4 e5 13. O-O e4 14. Nh2 Bf5 15. Ng4 Nxg4 16. hxg4 Bg6 17. f4 e3 18. f5 exd2 19. Qxd2 Rad8 20. Qe3 Qc7 21. fxg6 hxg6 22. Qf4 Qxf4 23. Rxf4 Na5 24. Ba2 Rc8 25. Raf1 Nc4 26. d5 Nd6 27. c4 Rc5 28. g5 Rfc8 29. g4 R8c7 30. Rd4 Kf8 31. Kf2 b5 32. Bb3 bxc4 33. Ba4 Ra5 34. Bc6 Rxa3 35. Rb1 Ra2+ 36. Kf3 c3 37. Kf4 c2 38. Rc1 f6 39. gxf6 gxf6 40. g5 Kf7 41. gxf6 Kxf6 42. Rd2 Re7 43. Rdxc2 Re4+ 44. Kf3 Rxc2 45. Rxc2 Re7 46. Ra2 Rc7 47. Kg4 Nf7 48. Ba8 Ne5+ 49. Kf4 g5+ 50. Kg3 Nc4 51. Kg4 Nb6 52. Bc6 Nc8 53. Rf2+ Ke7 54. Kxg5 Kd6 55. Ra2 Ne7 56. Kf4 Nxc6 57. dxc6 Kc5 58. Ke3 Kb5 59. Rb2+ Kxc6 60. Rc2+ 1/2-1/2

[Event "Campeonato de Aragon por Equipos 2025 - "]
[Site "?"]
[Date "2025.03.01"]
[Round "6.52"]
[White "Sisas Mainar, Izan"]
[Black "Agustin De Dios, Adrian"]
[Result "1/2-1/2"]
[WhiteElo "1785"]
[BlackElo "1865"]
[PlyCount "106"]
[GameId "2152100658733285"]
[EventDate "2025.01.25"]
[WhiteTeam "El Olivar C"]
[BlackTeam "Fraga"]

1. d4 d5 2. c4 e6 3. Nc3 Be7 4. cxd5 exd5 5. Qc2 Nf6 6. Bg5 h6 7. Bh4 O-O 8. e3 b6 9. Bd3 Bb7 10. Nge2 Nbd7 11. O-O Re8 12. Bg3 Nh5 13. Rac1 Nxg3 14. Nxg3 Nf6 15. Nf5 Bf8 16. Qe2 g6 17. Ng3 a6 18. a4 c5 19. Qf3 Rb8 20. h4 c4 21. Bc2 Bc8 22. e4 h5 23. e5 Ng4 24. Nxd5 Bg7 25. Be4 Qxh4 26. Rfe1 Qh2+ 27. Kf1 Qh4 28. Qc3 b5 29. Qb4 Bf8 30. Qa5 Qg5 31. Bf3 Nh2+ 32. Ke2 Bg7 33. Ne4 Qd8 34. Qxd8 Rxd8 35. Ne7+ Kf8 36. Nc6 Bf5 37. Nxd8 Rxd8 38. Nd6 Bd3+ 39. Kd1 Nxf3 40. gxf3 Bh6 41. Ra1 b4 42. Re2 Ke7 43. Rd2 Bxd2 44. Kxd2 Bf5 45. Rc1 Be6 46. Ke3 Rxd6 47. exd6+ Kxd6 48. Kf4 a5 49. Ke4 f5+ 50. Ke3 Kd5 51. f4 Bd7 52. Rd1 Bc6 53. Rc1 Bd7 1/2-1/2

[Event "Campeonato de Aragon por Equipos 2025 - "]
[Site "?"]
[Date "2025.03.01"]
[Round "6.53"]
[White "Carruez Berges, Santiago"]
[Black "Muro Guerrero, Miguel"]
[Result "0-1"]
[WhiteElo "1910"]
[BlackElo "2056"]
[PlyCount "82"]
[GameId "2152100658778342"]
[EventDate "2025.01.25"]
[WhiteTeam "Agrupacion B"]
[BlackTeam "Dr. Azua"]

1. Nf3 d5 2. g3 Nf6 3. Bg2 e6 4. O-O Bd6 5. c4 O-O 6. b3 c5 7. cxd5 exd5 8. d4 b6 9. Nc3 Bb7 10. Bb2 Nc6 11. Rc1 Re8 12. e3 Ba6 13. Re1 Rc8 14. a3 cxd4 15. Nxd4 Ne5 16. Bf1 Bxf1 17. Rxf1 Qd7 18. Kg2 Bb8 19. Qe2 Ne4 20. h4 Ng4 21. Nxe4 dxe4 22. Qb5 Qxb5 23. Nxb5 a6 24. Nc3 Be5 25. Ba1 f5 26. Rc2 Rc6 27. Rfc1 Rec8 28. Bb2 Nf6 29. Kf1 Kf7 30. Ke2 Ke6 31. Kd2 Ng4 32. Nd1 Rd6+ 33. Ke2 Rxc2+ 34. Rxc2 Bxb2 35. Nxb2 b5 36. a4 Ne5 37. axb5 axb5 38. Rc5 Nf3 39. Rc2 Ra6 40. Nd1 Ra3 41. Rb2 b4 0-1

[Event "Campeonato de Aragon por Equipos 2025 - "]
[Site "?"]
[Date "2025.03.01"]
[Round "6.54"]
[White "Garcia Garcia, Enrique"]
[Black "Guerra Perez, Rafael"]
[Result "1-0"]
[WhiteElo "1881"]
[BlackElo "1848"]
[PlyCount "93"]
[GameId "2152100658979047"]
[EventDate "2025.01.25"]
[WhiteTeam "Dr. Azua"]
[BlackTeam "Agrupacion B"]

1. d4 Nf6 2. c4 e6 3. Nc3 a6 4. e4 d6 5. Nf3 Be7 6. Be2 Nc6 7. O-O O-O 8. h3 Nd7 9. Be3 f5 10. d5 Nce5 11. dxe6 Nxf3+ 12. Bxf3 Ne5 13. exf5 Nxf3+ 14. Qxf3 Bxe6 15. Qxb7 Bxc4 16. Rfd1 Rb8 17. Qc6 Bb5 18. Nxb5 Rxb5 19. b3 Qc8 20. Rac1 Qxf5 21. Qxc7 Bg5 22. Qc4+ Kh8 23. Qd3 Qf7 24. Rc6 Bh4 25. Qd4 Be7 26. Rxa6 d5 27. Ra7 Qe6 28. Qa4 Rfb8 29. Ra8 h6 30. Rxb8+ Rxb8 31. Rc1 Bf6 32. Qc6 Qf5 33. Qc7 Be5 34. Qc5 Ra8 35. a4 Bb2 36. Rd1 Rb8 37. Rxd5 Qb1+ 38. Kh2 Rxb3 39. Bxh6 Ba3 40. Bxg7+ Kxg7 41. Qc7+ Kg6 42. Qc6+ Kf7 43. Qd7+ Be7 44. Rf5+ Kg8 45. Qe6+ Kh8 46. Rh5+ Kg7 47. Qxe7+ 1-0

[Event "Campeonato de Aragon por Equipos 2025 - "]
[Site "?"]
[Date "2025.03.01"]
[Round "6.55"]
[White "Palasi Mainar, Miguel Angel"]
[Black "Cajo Esteban, Ruben"]
[Result "1-0"]
[WhiteElo "1846"]
[BlackElo "1867"]
[PlyCount "51"]
[GameId "2152100659020008"]
[EventDate "2025.01.25"]
[WhiteTeam "Agrupacion B"]
[BlackTeam "Dr. Azua"]

1. e4 e5 2. Nc3 Nf6 3. g3 Nc6 4. Bg2 d6 5. Nge2 Bg4 6. h3 Be6 7. d4 exd4 8. Nxd4 Nxd4 9. Qxd4 c6 10. Bg5 Be7 11. Rd1 O-O 12. O-O Qa5 13. Qd2 Rfd8 14. Nd5 Qxd2 15. Nxe7+ Kf8 16. Ng6+ hxg6 17. Rxd2 Rd7 18. Rfd1 Ne8 19. b3 f6 20. Be3 Ke7 21. f4 b6 22. c4 Nc7 23. f5 Bf7 24. e5 gxf5 25. exd6+ Ke8 26. Bxc6 1-0

[Event "Campeonato de Aragon por Equipos 2025 - "]
[Site "?"]
[Date "2025.03.01"]
[Round "6.56"]
[White "Abenia Porroche, Roberto"]
[Black "Casasnovas Sanchez, Raul"]
[Result "1-0"]
[WhiteElo "1811"]
[BlackElo "1810"]
[PlyCount "117"]
[GameId "2152100659056873"]
[EventDate "2025.01.25"]
[WhiteTeam "Dr. Azua"]
[BlackTeam "Agrupacion B"]

1. Nf3 Nf6 2. d4 g6 3. g3 Bg7 4. Bg2 O-O 5. O-O d5 6. c3 Nbd7 7. Nbd2 c5 8. Qc2 Qc7 9. e4 cxd4 10. Nxd4 Nxe4 11. Nxe4 Bxd4 12. Qd2 Bg7 13. Qxd5 Nf6 14. Nxf6+ Bxf6 15. Rd1 Bg4 16. Re1 b6 17. Bf4 e5 18. Bxe5 Bxe5 19. Qxe5 Qxe5 20. Rxe5 Rad8 21. h3 Be6 22. Re2 Rd6 23. b3 Rfd8 24. Rae1 Rd2 25. c4 a5 26. a3 a4 27. bxa4 Rxe2 28. Rxe2 Rd1+ 29. Kh2 Bxc4 30. Rb2 Rd3 31. Bf1 Rc3 32. Bxc4 Rxc4 33. Rxb6 Rc3 34. a5 Rxa3 35. a6 h5 36. h4 Kg7 37. Kg2 Kh6 38. Kf1 Ra2 39. f3 Kg7 40. Ke1 Kg8 41. Kd1 Kg7 42. Kc1 Kg8 43. Kb1 Ra5 44. Kb2 Kg7 45. Kb3 Rd5 46. Kb4 Rd1 47. Rb5 Rd4+ 48. Ka5 Rd7 49. Kb6 Rd6+ 50. Kb7 Rd7+ 51. Kc6 Re7 52. Rb7 Re6+ 53. Kb5 Re5+ 54. Kc4 Re1 55. a7 Ra1 56. Kc5 Rc1+ 57. Kb6 Rb1+ 58. Kc7 Rc1+ 59. Kb8 1-0

[Event "Campeonato de Aragon por Equipos 2025 - "]
[Site "?"]
[Date "2025.03.01"]
[Round "6.57"]
[White "Gomez Calomarde, Saul"]
[Black "Miranda Herrera, Belen"]
[Result "1-0"]
[WhiteElo "2075"]
[BlackElo "2051"]
[PlyCount "87"]
[GameId "2152100659093738"]
[EventDate "2025.01.25"]
[WhiteTeam "Teruel B"]
[BlackTeam "MyInvestor Casablanca C"]

1. Nf3 Nf6 2. b3 d5 3. Bb2 c5 4. e3 e6 5. Be2 Nc6 6. d4 cxd4 7. Nxd4 Bb4+ 8. c3 Bd6 9. Nd2 e5 10. Nxc6 bxc6 11. c4 O-O 12. O-O Re8 13. Rc1 Nd7 14. Ne4 dxe4 15. Qxd6 Re6 16. Qd2 Qh4 17. g3 Qh3 18. f4 exf3 19. Bxf3 h5 20. Be4 g6 21. Rcd1 h4 22. Qf2 f5 23. Bg2 Qg4 24. e4 f4 25. gxh4 g5 26. hxg5 Qxg5 27. Kh1 Qh5 28. Bf3 Qh7 29. Rg1+ Kf7 30. Qe2 Nf6 31. Rg5 Bb7 32. Rf5 Rae8 33. Bh5+ Kf8 34. Bxe8 c5 35. Rd5 Kxe8 36. Rfxe5 Bxd5 37. exd5 Qb1+ 38. Kg2 Qg6+ 39. Kf1 Qb1+ 40. Kf2 Ng4+ 41. Qxg4 Qxb2+ 42. Re2 Qd4+ 43. Kg2 Re3 44. Rxe3+ 1-0

[Event "Campeonato de Aragon por Equipos 2025 - "]
[Site "?"]
[Date "2025.03.01"]
[Round "6.58"]
[White "Antonano Fernandez-Quincoces, Avelino"]
[Black "Abancens Fernandez, Bernardo"]
[Result "1-0"]
[WhiteElo "1978"]
[BlackElo "1862"]
[PlyCount "59"]
[GameId "2152100659126507"]
[EventDate "2025.01.25"]
[WhiteTeam "MyInvestor Casablanca C"]
[BlackTeam "Teruel B"]

1. e4 c5 2. Nf3 Nc6 3. d4 cxd4 4. Nxd4 Nf6 5. Nc3 e5 6. Ndb5 d6 7. Bg5 a6 8. Bxf6 gxf6 9. Na3 b5 10. Nd5 Bg7 11. c3 Ne7 12. Nxe7 Qxe7 13. Bd3 Bb7 14. O-O O-O 15. Qh5 Rad8 16. Nc2 Kh8 17. Rae1 Rg8 18. Re3 Bf8 19. Rh3 h6 20. Ne3 Rg5 21. Qf3 Bc8 22. Nd5 Bxh3 23. Nxe7 Bxg2 24. Qxf6+ Kh7 25. h4 Bxe7 26. Qxe7 Rgg8 27. Qxf7+ Kh8 28. Qf6+ Kh7 29. Qe7+ Kh8 30. Qxd8 1-0

[Event "Campeonato de Aragon por Equipos 2025 - "]
[Site "?"]
[Date "2025.03.01"]
[Round "6.59"]
[White "Martin Lafuente, Jorge Abel"]
[Black "Cebollada Pacheco, Jesus Raul"]
[Result "0-1"]
[WhiteElo "1635"]
[BlackElo "1942"]
[PlyCount "52"]
[GameId "2152100659163372"]
[EventDate "2025.01.25"]
[WhiteTeam "Teruel B"]
[BlackTeam "MyInvestor Casablanca C"]

1. c4 Nf6 2. g3 g6 3. Bg2 Bg7 4. Nc3 O-O 5. Nf3 d6 6. O-O Nbd7 7. d4 e5 8. e3 c6 9. Rb1 e4 10. Nd2 d5 11. b3 Re8 12. Re1 Nf8 13. f3 exf3 14. Bxf3 Bf5 15. Ra1 h5 16. Nf1 N8h7 17. cxd5 cxd5 18. h4 Bg4 19. Bxg4 Nxg4 20. Qf3 Bxd4 21. Bb2 Bg7 22. Rad1 d4 23. Na4 b5 24. Bxd4 Bxd4 25. Rxd4 Qa5 26. Rd7 Ne5 0-1